- Acle Tomasini, Guadalupe,
Entry Nombre Personal
001 - NUMERO DE CONTROL
- campo de control: 36014
003 - IDENTIFICADOR DE NUMERO DE CONTROL
- campo de control: DLC
005 - FECHA Y HORA DE LA ÜLTIMA TRANSACCIÓN
- campo de control: 20220427115822.0
008 - DATOS DE LONGITUD FIJA
- campo de control de longitud fija: 220427|||acannaaan a aaa d
010 ## - NÚMERO DE CONTROL DE LA BIBLIOTECA DEL CONGRESO
- Número de control LC: no 96017512
024 7# - OTROS IDENTIFICADORES NORMALIZADOS
- Fuente: isni
- Número normalizado o código: 0000000041984561
024 7# - OTROS IDENTIFICADORES NORMALIZADOS
- Fuente: unam
- Número normalizado o código: 62611
035 ## - NUMERO DE CONTROL
- Número de control: (OCoLC)oca04050058
040 ## - FUENTE DE CATALOGACIÓN
- Agencia original de catalogación: AzTeS
- Lenguaje de catalogación: spa
- Agencia de transcripción: AzTeS
- Agencia que lo modifica: OCoLC
- Agencia que lo modifica: MXMxUNAM
- Agencia que lo modifica: MX-MxUPN
046 ## - FECHAS CON CODIFICACIÓN ESPECIAL
- Fecha de nacimiento: 19471019
100 1# - ENCABEZAMIENTO - NOMBRE PERSONAL
- Nombre personal: Acle Tomasini, Guadalupe,
- Fechas asociadas con el nombre: 1947-
370 ## - LUGAR ASOCIADO
- Associated country: México
371 ## - DIRECCIÓN
- Address: Av Guelatao 66, Col. Ejército de Oriente
- City: Ciudad de México D.F.
- Country: México
- Postal code: 09230
- Electronic mail address: gaclet@unam.mx
373 ## - GRUPO ASOCIADO
- Associated group: Universidad Nacional Autónoma de México. Facultad de Estudios Superiores Zaragoza
373 ## - GRUPO ASOCIADO
- Associated group: Sistema Nacional de Investigadores (México)
374 ## - OCUPACIÓN
- Occupation: Profesora universitaria
374 ## - OCUPACIÓN
- Occupation: Antropóloga social
374 ## - OCUPACIÓN
- Occupation: Psicóloga
374 ## - OCUPACIÓN
- Occupation: Investigadora
375 ## - GÉNERO
- Gender: femenino
377 ## - LENGUA ASOCIADA
- Language code: spa
400 1# - VEÁSE - NOMBRE DE PERSONA
- Personal name: Tomasini, Guadalupe Acle
670 ## - FUENTE EN LA QUE SE LOCALIZARON DATOS
- Cita de la fuente: Problemas de aprendizaje, 1994:
- Información localizada: portada (Guadalupe Acle Tomasini)
670 ## - FUENTE EN LA QUE SE LOCALIZARON DATOS
- Cita de la fuente: En el sitio web Posgrado en Psicología UNAM, consultado Abril 27, 2022:
- Información localizada: (Guadalupe Acle Tomasini; Profesora Titular “C”, T.C., Definitivo, Facultad de Estudios Superiores Zaragoza, UNAM. Dra. en Antropología Social por la Universidad Iberoamericana, México Lic. en Psicología por la Universidad Iberoamericana, México Licenciada en Logopedia por la Universidad Católica de Lovaina, Bélgica. Miembro del Sistema Nacional de Investigadores, nivel 2; Correo electrónico principal: gaclet@unam.mx)
- Uniform Resource Identifier: https://psicologia.posgrado.unam.mx/guadalupe-acle-tomasini-2/
902 ## - CATALOGADOR
- Catalogador: NDAF/220427
